| 000 | 00617nam a2200253Ia 4500 | ||
|---|---|---|---|
| 003 | OSt | ||
| 005 | 20220918174804.0 | ||
| 006 | a|||||r|||| 00| 0 | ||
| 007 | ta | ||
| 008 | 220917b |||||||| |||| 00| 0 eng d | ||
| 024 | _a14,161 | ||
| 037 | _cTextual | ||
| 040 |
_aARTS _cARTS _beng |
||
| 041 |
_2eng _aeng |
||
| 082 | _aN8.495, K9 | ||
| 100 |
_aTae Hung Ha _951780 |
||
| 245 | 0 | _aPoetry and music of the classic age | |
| 250 | _a2nd | ||
| 260 | _c1969 | ||
| 490 | _aKorean cultural series; 4 | ||
| 650 | _aARTS | ||
| 942 |
_hN8.495, K9 _cTEXL _2CC |
||
| 999 |
_c154717 _d154717 |
||